000 00578nam a2200193Ia 4500
005 20260114185610.0
008 008 260114s9999 xx 000 0 eng d
020 _a9781350113749
037 _aEBOOK
040 _aCRL
_beng
_cCRL
041 _aeng
_2eng
084 _qCRL
100 _aSir Martin Gilbert
_9872046
245 4 _aThe Churchill Documents, Volume 2 Young Soldier, 1896-1901
260 _bBloomsbury
_c2018
856 _uhttps://doi.org/10.5040/9781350113749?locatt=label:secondary_bloomsburyCollections
942 _cEBOOK
999 _c1470994
_d1470994